Qualitative Chemical analysis; (Record no. 5166)

MARC details
000 -LEADER
fixed length control field 00589nam a22002177a 4500
003 - CONTROL NUMBER IDENTIFIER
control field OSt
005 - DATE AND TIME OF LATEST TRANSACTION
control field 20160907134728.0
008 - FIXED-LENGTH DATA ELEMENTS--GENERAL INFORMATION
fixed length control field 160907b xxu||||| |||| 00| 0 eng d
020 ## - INTERNATIONAL STANDARD BOOK NUMBER
International Standard Book Number 9780716770411
020 ## - INTERNATIONAL STANDARD BOOK NUMBER
International Standard Book Number 076770415
040 ## - CATALOGING SOURCE
Transcribing agency DDC.
082 ## - DEWEY DECIMAL CLASSIFICATION NUMBER
Classification number 543HAR 2007.
100 ## - MAIN ENTRY--PERSONAL NAME
Personal name Harris,C.Daniel;
9 (RLIN) 11016
245 ## - TITLE STATEMENT
Title Qualitative Chemical analysis;
250 ## - EDITION STATEMENT
Edition statement 7th ed
260 ## - PUBLICATION, DISTRIBUTION, ETC. (IMPRINT)
Place of publication, distribution, etc. New York.
Name of publisher, distributor, etc. W.H Freeman and company.
Date of publication, distribution, etc. 2007.
300 ## - PHYSICAL DESCRIPTION
Extent xvii,121p;
Other physical details col,ill;
Dimensions 27cm.
504 ## - BIBLIOGRAPHY, ETC. NOTE
Bibliography, etc Answers and index are included.
650 ## - SUBJECT ADDED ENTRY--TOPICAL TERM
Topical term or geographic name as entry element Chemical analysis,
9 (RLIN) 11017
942 ## - ADDED ENTRY ELEMENTS (KOHA)
Source of classification or shelving scheme Dewey Decimal Classification
Koha item type Open Shelf
Holdings
Withdrawn status Lost status Source of classification or shelving scheme Damaged status Not for loan Home library Current library Date acquired Source of acquisition Inventory number Total Checkouts Full call number Barcode Date last seen Date last checked out Price effective from Koha item type
    Dewey Decimal Classification     MUST Main Library MUST Main Library 07/09/2016 Purchase 08/30972 1 543HAR 2007. 2016-4088 19/09/2016 07/09/2016 07/09/2016 Open Shelf
    Dewey Decimal Classification     MUST Main Library MUST Main Library 03/03/2020 Purchase 2006/28152   543HAR 2007. 2020-0630 03/03/2020   03/03/2020 Open Shelf